Все соперники Славы КПСС на батлах - Statistics

General Stats
  • This quiz has been taken 13 times
  • The average score is 8 of 24
Answer Stats
Год Площадка Под ником / в составе Примечание Соперник % Correct
2017 Versus x SLOVOSPB Слава КПСС Oxxxymiron
100%
2018 VSRAP Рэпйоу баттл Соня Мармеладова DK
75%
2016 Versus BPM Соня Мармеладова Rickey F
67%
2016 #SLOVOSPB Гнойный & Джиглипуф МЦ Замай & Заебатсу
50%
2016 VERSUS x SLOVOSPB Гнойный Эрнесто Заткнитесь
50%
2014 SLOVO: Санкт-Петербург Гнойный Финал ЧЕЙNИ
50%
2017 Рвать на Битах Антихайп (Слава КПСС & Замай) #SLOVOSPB (Ден Чейни & MickeyMouse)
50%
2014 SLOVO: Санкт-Петербург Гнойный Отбор Букер Д. Фред
42%
2017 Раунд (ТНТ) Слава КПСС не опубликован Booker
42%
2019 Кубок МЦ Гнойный & Фаллен МС Dance Bars Олег Монгол & Zip.Zipulia
42%
2017 Рвать на Битах ежемесячные (Слава КПСС & Fallen MC) Бесславные ублюдки (Эрнесто Заткнитесь & Майти Ди)
33%
2016 #SLOVOSPB Гнойный не опубликован Юля KIWI
33%
2015 #SLOVOSPB Гнойный vs94ski
33%
2016 140 BPM Battle Соня Мармеладова edik_kingsta
25%
2016 SLOVO: Москва Гнойный & Фаллен MC Narek & Пачука
25%
2014 SLOVOFEST Гнойный Nongratta
25%
2014 SLOVO: Санкт-Петербург Гнойный Полуфинал Заебатсу
17%
2017 Раунд (ТНТ) Слава КПСС не опубликован Корифей
17%
2024 Blink Battle Воровская Лапа Маз Корж
17%
2015 SLOVO: Краснодар Гнойный R.S'ONE
17%
2014 SLOVO: Санкт-Петербург Гнойный Top-16 Эгоист
8%
2018 Лига Гнойного Птичий Пепел & Матвей Облепиха Николай Сополев & Серж Горловой
8%
2015 SLOVO: Хабаровск Гнойный JesseJames
8%
2014 SLOVO: Санкт-Петербург Гнойный Top-8 Niki-Tiki-Tavi
8%
No matching quizzes found
Score Distribution
Percent of People with Each Score
Percentile by Number Answered
Your Score History
You have not taken this quiz